Global economic prospects : coping with policy normalization in high - income countries.

Bibliographic Details
Format: Book
Published: Washington D.C: The World Bank, 2014.
Subjects:
LEADER 00585cam a2200157 7i4500
001 0000031886
005 20141211090000.0
020 0 0 |a 9781464802010  
090 0 0 |a I 330.9172   |b GLO 
245 0 0 |a Global economic prospects :   |b coping with policy normalization in high - income countries. 
260 0 0 |a Washington D.C:   |b The World Bank,   |c 2014. 
300 # # |a 138 p. 
650 0 0 |a Developing countries --   |x Economic conditions  
650 0 0 |a Economic forecasting --   |x Developing countries  
650 0 0 |a International economic conditions  
999 |a 0000034604  |b Book  |c International  |e Business Information Centre